Otázky zo mzdovej problematiky po novele Zákonníka práce

Zmeny, ktoré priniesla novela zákona č. 210/2003 Z.z., ktorou sa od 1. 7. 2003 novelizuje zákon č. 311/2001 Z.z., Zákonník práce v znení neskorších zákonov.

Na minha lista:
Detalhes bibliográficos
Autor principal: Strýčková, Jolana
Formato: Capítulo de Livro
Idioma:eslovaco
Assuntos:
Tags: Adicionar Tag
Sem tags, seja o primeiro a adicionar uma tag!

MARC

LEADER 00000naa$a2200000$$$4500
001 0003572
005 20231003104954.5
041 0 |a slo 
044 |a SK 
245 1 0 |a Otázky zo mzdovej problematiky po novele Zákonníka práce  |c aut. Jolana Strýčková 
520 |a Zmeny, ktoré priniesla novela zákona č. 210/2003 Z.z., ktorou sa od 1. 7. 2003 novelizuje zákon č. 311/2001 Z.z., Zákonník práce v znení neskorších zákonov. 
610 2 0 |a novelizácia 
610 2 0 |a zákonník práce 
610 2 0 |a mzdy 
100 1 |a Strýčková, Jolana